Edvard Beneš (1884-1948) písemná pozůstalost Díl 5 ; Oddíl IV/2 Osobní korespondence (1904)1910-1948

Bibliographic Details
Main Author: Šťovíček, Ivan, 1938- (Author)
Other Authors: Clarke, Melvyn (Translator)
Format: Book
Language:Czech
PhysicalDescription:213 s. 30 cm
Published: Praha Masarykův ústav a Archiv AV ČR 2013
ISBN:9788087782194
9788087782149
Edition:1. vyd.
Series:Práce z Masarykova ústavu a Archivu AV ČR. Řada D
Subjects:

MARC

LEADER 00000cam a2200000 a 4500
001 vtls010624677
003 SK-MaSNL
005 20260311142740.0
008 240313s2013 xr n 001 0bcze
015 |a cnb002540663 
015 |a SNBZSA2015 
020 |a 9788087782194  |q (brož. : 5. zv.) 
020 |a 9788087782149  |q (súbor) 
035 |a 6A5CE2E8-6EEB-43DD-9E42-7D626B3CE2EB 
035 |a urn:nbn:sk:snk-aml4j6 
035 |a urn:nbn:sk:snk-am008wlx 
040 |a SNK  |b slo  |c SNK  |e AACR2 
041 0 |a cze  |b eng 
043 |a e-cs---  |a e-xr--- 
044 |a xr  |c CZ 
072 7 |a 32  |x Politika  |2 konspekt 
072 7 |a 929  |x Biografie  |2 konspekt 
080 |a 32-051  |2 2001 
080 |a 327  |2 2001 
080 |a 930.253  |2 2001 
080 |a 801.82:930.253  |2 2001 
080 |a 328/329  |2 2001 
080 |a (437)  |2 2001 
080 |a (083.8)  |2 2001 
080 |a "1945/1948"  |2 2001 
080 |a (093)  |2 2001 
100 1 |a Šťovíček, Ivan,  |d 1938-  |4 aut  |9 122752 
245 1 0 |a Edvard Beneš (1884-1948)  |b písemná pozůstalost  |n Díl 5 ; Oddíl IV/2  |p Osobní korespondence (1904)1910-1948  |c Ivan Šťovíček a kol. ; [překlad anglického textu: Melvyn Clarke] 
246 3 4 |a Edvard Beneš (1884-1948)  |b písemná pozůstalost  |n Oddíl IV/2  |p Osobní korespondence (1904)1910-1948 
246 3 8 |a Edvard Beneš (1884-1948)  |b písemná pozůstalost  |n Díl 5 
246 3 8 |a EB IV/2 
246 3 0 |a Osobní korespondence (1904)1910-1948 
246 3 |a Edvard Beneš  |b písemná pozůstalost  |n Díl 5. 
250 |a 1. vyd. 
260 |a Praha  |b Masarykův ústav a Archiv AV ČR  |c 2013 
300 |a 213 s.  |c 30 cm 
490 1 |a Práce z Masarykova ústavu a Archivu AV ČR. Řada D ;  |v sv. 4 
500 |a Edvard Beneš (1884-1948) : písemná pozůstalost. Díl 5. [Fond] Edvard Beneš. Oddíl IV/2. Osobní korespondence (1904)1910-1948 : inventář archivního fondu 
504 |a Bibliogr. odkazy ; Reg. 
546 |a Res. angl. 
600 1 7 |a Beneš, Edvard,  |d 1884-1948  |2 SNKMA  |9 110633 
648 7 |a 1945-1948  |2 SNKPH  |9 281391 
650 0 7 |a politici  |2 SNKPH  |9 2679 
650 0 7 |a prezidenti  |2 SNKPH  |9 4128 
650 0 7 |a zahraničná politika  |2 SNKPH  |9 971 
650 0 7 |a archívne fondy  |2 SNKPH  |9 1974 
650 0 7 |a písomná pozostalosť  |2 SNKPH  |9 74133 
650 0 7 |a Politicians  |2 SNKPHeng  |9 281560 
650 0 7 |a Presidents  |2 SNKPHeng  |9 277474 
650 0 7 |a Archives  |2 SNKPHeng  |9 265292 
650 0 7 |a Written remains  |2 SNKPHeng  |9 336796 
650 0 7 |a Foreign policy  |2 SNKPHeng  |9 266402 
651 7 |a Československo  |2 SNKPH  |9 21376 
651 7 |a Czechoslovakia  |2 SNKPHeng  |9 265183 
651 7 |a Československo  |x politika a vláda  |2 SNKPH  |9 236320 
651 7 |a Czechoslovakia  |x politics and government  |2 SNKPHeng  |9 310362 
655 7 |a pramene  |2 SNKPH  |9 70564 
655 7 |a dokumenty  |2 SNKPH  |9 70482 
655 7 |a súpisy  |2 SNKPH  |9 70480 
655 7 |a Sources  |2 SNKPHeng  |9 285559 
655 7 |a Documents  |2 SNKPHeng  |9 277725 
655 7 |a Inventories  |2 SNKPHeng  |9 266628 
700 1 |a Clarke, Melvyn  |4 trl  |9 336797 
830 0 |a Práce z Masarykova ústavu a Archivu AV ČR.  |p Řada D  |9 336798 
919 |a 978-80-87782-14-9 
919 |a 978-80-87782-19-4 
958 |a ZS 
958 |a NB 
958 |a CZ 
999 |c 1035457  |d 1037387 
952 |a SNK  |b SNK  |y PREZ  |7 0  |p 17A1158099  |o snkSB 88580/4/2  |i snk2015/21734  |8 2  |g 9.00  |0 0  |1 0  |4 0  |d 2015-07-01  |f 1  |l 0  |r 2025-05-13 00:00:00  |w 2026-02-24 
952 |a SNK  |b SNK  |y VYP  |7 0  |p 17A1168139  |o snkSB 88580/4/2 D1  |i snk2015/23688  |8 2  |g 9.00  |0 0  |1 0  |4 0  |d 2015-07-24  |l 0  |r 2026-02-24 14:07:11  |w 2026-02-24